Phobias - Statistics

General Stats
  • This quiz has been taken 82 times
  • The average score is 17 of 30
Answer Stats
Hint Answer % Correct
Arachnophobia Spiders
100%
Acrophobia Heights
90%
Insectophobia Insects
90%
Hydrophobia Water
90%
Zoophobia Animals
88%
Aerophobia Flying
88%
Pyrophobia Fire
85%
Hemophobia Blood
83%
Bibliophobia Books
80%
Necrophobia Death
78%
Somniphobia Sleep
76%
Phobophobia Phobias
68%
Octophobia 8
63%
Dentophobia Dentists
63%
Triskaidekaphobia 13
61%
Nyctophobia Dark
56%
Ornithophobia Birds
49%
Glossophobia Public speaking
49%
Claustrophobia Confined spaces
46%
Cynophobia Dogs
46%
Podophobia Feet
41%
Hypochondria Illness
41%
Coulrophobia Clowns
37%
Selenophobia Moon
36%
Ophidiophobia Snakes
36%
Iatrophobia Doctors
29%
Tachophobia Speed
19%
Mysophobia Dirt
12%
Tonitrophobia Thunder
10%
Trypophobia Clustered patterns
2%
No matching quizzes found
Score Distribution
Percent of People with Each Score
Percentile by Number Answered
Your Score History
You have not taken this quiz